header

Cyber adversary characterization (Record no. 46800)

MARC details
000 -LEADER
fixed length control field 01101nam a2200277Ia 4500
245 00 - TITLE STATEMENT
Title Cyber adversary characterization
260 ## - PUBLICATION, DISTRIBUTION, ETC. (IMPRINT)
Place of publication Rockland, MA :
Name of publisher Syngress,
Year of publication c2004.
300 ## - PHYSICAL DESCRIPTION
Number of Pages xxi, 324 p. :
Other physical details ill.
500 ## - GENERAL NOTE
General note Includes index.
650 #0 - SUBJECT ADDED ENTRY--TOPICAL TERM
Topical Term Computer security.
Topical Term Computer networks
700 1# - ADDED ENTRY--PERSONAL NAME
Personal name Parker, Tom.
856 40 - ELECTRONIC LOCATION AND ACCESS
Uniform Resource Identifier http://site.ebrary.com/lib/rucke/Doc?id=10062345

No items available.

© 2026 Rongo University
Contact us: librarian | system librarian | Rongo university